UBT Library

Structural methods in inorganic chemistry / (Record no. 44570)

000 -LEADER
fixed length control field 00770cam a2200229 a 4500
001 - CONTROL NUMBER
control field 3906195
005 - DATE AND TIME OF LATEST TRANSACTION
control field 20180309071849.0
008 - FIXED-LENGTH DATA ELEMENTS--GENERAL INFORMATION
fixed length control field 910703s1991 flua b 001 0 eng
010 ## - LIBRARY OF CONGRESS CONTROL NUMBER
LC control number 91026690
020 ## - INTERNATIONAL STANDARD BOOK NUMBER
International Standard Book Number 0849377323
040 ## - CATALOGING SOURCE
Original cataloging agency DLC
Transcribing agency DLC
Modifying agency DLC
041 ## - LANGUAGE CODE
Language code of text/sound track or separate title eng
080 ## - UNIVERSAL DECIMAL CLASSIFICATION NUMBER
Universal Decimal Classification number 541.22 EBS
082 00 - DEWEY DECIMAL CLASSIFICATION NUMBER
Classification number 541.22 EBS
Edition number 20
100 1# - Rafti
Rafti 12
101 ## - Shkurtesa
Shkurtesa KIM
245 10 - TITLE STATEMENT
Title Structural methods in inorganic chemistry /
Statement of responsibility, etc E.A.V. Ebsworth, David W.H. Rankin, Stephen Cradock ; foreword by Kenneth Raymond.
504 ## - BIBLIOGRAPHY, ETC. NOTE
Bibliography, etc Includes bibliographical references and indexes.
906 ## - LOCAL DATA ELEMENT F, LDF (RLIN)
a 7
b cbc
c orignew
d 1
e ocip
f 19
g y-gencatlg
942 ## - ADDED ENTRY ELEMENTS (KOHA)
Source of classification or shelving scheme
Item type Books
Holdings
Withdrawn status Lost status Source of classification or shelving scheme Damaged status Not for loan Collection code Permanent location Current location Shelving location Date acquired Total Checkouts Full call number Barcode Date last seen Price effective from Koha item type
          Koleksioni i përgjithshem UBT - Lipjan UBT - Lipjan Koleksioni i përgjithshem 03/09/2018   541.22 EBS 002-3000896 03/09/2018 03/09/2018 Books
UBT Library © 2015-2024. All rights reserved University Education for Business and Technology